[Event "FRA-ch U18 "]
[Site "Agen"]
[Date "2018.04.21"]
[Round "8"]
[White "Belluire, Beatrice"]
[Black "Bauer, Elise"]
[Result "1/2-1/2"]
[WhiteElo "1818"]
[BlackElo "1489"]
[PlyCount "111"]
[EventDate "2018.04.15"]
[EventType "swiss"]
[EventRounds "9"]
[EventCountry "FRA"]
[SourceTitle "EXT 2019"]
[Source "ChessBase"]
[SourceDate "2018.10.10"]
[SourceVersion "1"]
[SourceVersionDate "2018.10.10"]
[SourceQuality "1"]

1. e4 e5 2. Nf3 Nc6 3. Bc4 Bc5 4. 0-0 Nf6 5. d3 d6 6. Nc3 Bg4 7. h3 Bh5 8. Be3 Nd4 9. g4 Bg6 10. Bxd4 exd4 11. Ne2 d5 12. exd5 Nxd5 13. Bxd5 Qxd5 14. Nf4 Qd6 15. Qe2+ Kf8 16. Qe5 Re8 17. Qxd6+ Bxd6 18. Nxg6+ hxg6 19. Kg2 c5 20. Rfe1 f6 21. Rxe8+ Kxe8 22. Re1+ Kd7 23. Re4 g5 24. Ng1 b6 25. Kf3 Bh2 26. Re1 Bxg1 27. Rxg1 Rxh3+ 28. Kg2 Rh8 29. Kf3 Kd6 30. Re1 g6 31. Rg1 a6 32. a4 Kd5 33. b3 b5 34. axb5 axb5 35. Ra1 Rh3+ 36. Ke2 Rh4 37. Ra6 Rxg4 38. Rxf6 Rg1 39. Rxg6 g4 40. Rb6 b4 41. Rg6 Rc1 42. Rg5+ Kc6 43. Kd2 Rf1 44. Ke2 Rg1 45. Rg6+ Kd5 46. Rg5+ Kc6 47. Rg8 Kd7 48. Rg6 Kc7 49. Kd2 Rg2 50. Ke2 Rg1 51. Kd2 Rg2 52. Ke1 Rg1+ 53. Ke2 Rc1 54. Kd2 Rf1 55. Rf6 Rg1 56. Ke2 1/2-1/2